000 01034 a2200241 4500
005 20080912144821.0
008 080912t xxu||||| |||| 00| 0 hin d
010 _aHIN-80785
020 _a8189850903
_c115.00
035 _aHN-53131
037 _bD.B.Act / pub
082 _a
100 _aजयशंकर प्रसाद
245 _aतितली
_cजयशंकर प्रसाद
246 _aTitli
_bby Jaishankar Prasad
260 _aनोएडा
_bरेमाधव पब्लिकेशन्स
_c2007
270 _aसी-94, सेक्टर-63
_bनोएडा
_e201001(उ.प्र.)
_mcontact@remadhav.com
300 _aसात,229पृ
_c22सेमी (सजिल्द)
650 _aहिन्दी उपन्यास
650 _aHindi Novel
942 _adpl
_cHN
_kउ / जयशं
_2ddc
_h
_mजयशं
999 _c7067
_d7067